[Event "Antofagasta Zicosur op 2nd"]
[Site "Antofagasta"]
[Date "2016.01.06"]
[Round "3"]
[White "Andueza Quezada, Danilo"]
[Black "Melendes Suarez, Fernando"]
[Result "1-0"]
[WhiteElo "2173"]
[BlackElo "1830"]
[PlyCount "83"]
[EventDate "2016.01.05"]
[EventType "swiss"]
[EventRounds "9"]
[EventCountry "CHI"]
[SourceTitle "CBM 170 Extra"]
[Source "ChessBase"]
[SourceDate "2016.02.25"]
[SourceVersion "1"]
[SourceVersionDate "2016.02.25"]
[SourceQuality "1"]

1. d4 Nf6 2. c4 g6 3. Nc3 Bg7 4. e4 d6 5. Bd3 e5 6. d5 Na6 7. Nge2 Bd7 8. h3 c6 9. Bg5 h6 10. Be3 Nb4 11. Bb1 cxd5 12. cxd5 Na6 13. 0-0 0-0 14. Qd2 Kh7 15. Ng3 Nc7 16. f4 b5 17. Bd3 b4 18. Nce2 a5 19. Rac1 Nce8 20. Kh1 h5 21. Ng1 Rh8 22. Nf3 Kg8 23. Ng5 h4 24. Ne2 exf4 25. Nxf4 Bh6 26. Nxf7 Kxf7 27. e5 Bxf4 28. e6+ Bxe6 29. dxe6+ Kxe6 30. Rxf4 Kf7 31. Rcf1 g5 32. R4f2 g4 33. Bd4 gxh3 34. gxh3 Qd7 35. Bxf6 Qc6+ 36. Kh2 Nxf6 37. Rxf6+ Ke7 38. Rf7+ Ke8 39. Qe2+ Kd8 40. Qe7+ Kc8 41. Rf8+ Qe8 42. Qxe8+ 1-0

[Event "Antofagasta Zicosur op 2nd"]
[Site "Antofagasta"]
[Date "2016.01.05"]
[Round "1"]
[White "Silva Paez, Franco"]
[Black "Andueza Quezada, Danilo"]
[Result "0-1"]
[WhiteElo "1557"]
[BlackElo "2173"]
[PlyCount "118"]
[EventDate "2016.01.05"]
[EventType "swiss"]
[EventRounds "9"]
[EventCountry "CHI"]
[SourceTitle "CBM 170 Extra"]
[Source "ChessBase"]
[SourceDate "2016.02.25"]
[SourceVersion "1"]
[SourceVersionDate "2016.02.25"]
[SourceQuality "1"]

1. d4 d5 2. c4 e6 3. Nf3 Be7 4. Nc3 Nf6 5. cxd5 exd5 6. g3 0-0 7. Bg2 c6 8. 0-0 Nbd7 9. Bg5 Re8 10. Re1 Ne4 11. Nxe4 dxe4 12. Bxe7 Qxe7 13. Ne5 Nxe5 14. dxe5 Qxe5 15. Qc2 Bf5 16. e3 Rad8 17. Red1 h6 18. Rxd8 Rxd8 19. Rc1 c5 20. h3 b6 21. Bf1 Qd5 22. b3 Qd2 23. Qxd2 Rxd2 24. Ra1 Kf8 25. g4 Bd7 26. Ba6 Bc6 27. Kf1 Ke7 28. Ke1 Rc2 29. Bc4 b5 30. Be2 Kd6 31. a4 a6 32. axb5 Bxb5 33. Bxb5 axb5 34. Ra7 Ke6 35. Ra6+ Ke7 36. Ra7+ Kf6 37. h4 g6 38. Ra6+ Kg7 39. Rb6 b4 40. Rb7 Rc3 41. Rc7 Kf6 42. Rc6+ Ke5 43. h5 gxh5 44. gxh5 f6 45. Rc8 Kf5 46. Rd8 Kg4 47. Rf8 Kg5 48. f4+ exf3 49. Rg8+ Kxh5 50. Kf2 Rxb3 51. Rg1 Rb2+ 52. Kxf3 c4 53. Kf4 c3 54. Ke4 Rd2 55. Kf5 Rf2+ 56. Ke4 f5+ 57. Kd3 Rd2+ 58. Kc4 Rb2 59. Kd3 c2 0-1

[Event "Antofagasta Final Mayor"]
[Site "Antofagasta"]
[Date "2013.12.18"]
[Round "6"]
[White "Andueza Quezada, Danilo"]
[Black "Castillo, Gabriel"]
[Result "1-0"]
[WhiteElo "2160"]
[BlackElo "1913"]
[PlyCount "59"]
[EventDate "2013.12.12"]
[EventType "tourn"]
[EventRounds "7"]
[EventCountry "CHI"]
[SourceTitle "EXT 2024"]
[Source "ChessBase"]
[SourceDate "2023.10.10"]
[SourceVersion "1"]
[SourceVersionDate "2023.10.10"]
[SourceQuality "1"]

1. d4 Nf6 2. c4 e6 3. Nc3 Bb4 4. a3 Bxc3+ 5. bxc3 b6 6. f3 d6 7. e4 h6 8. Bd3 e5 9. Ne2 0-0 10. 0-0 Re8 11. Ra2 Nbd7 12. Ng3 Nf8 13. f4 exf4 14. Bxf4 Ng6 15. Bc1 c5 16. h3 a6 17. Raf2 Ra7 18. Bxh6 Nh7 19. Bc1 Qh4 20. Nf5 Bxf5 21. Rxf5 b5 22. cxb5 axb5 23. Qf3 Qe7 24. Bxb5 Rb8 25. Bc4 Nh4 26. Bxf7+ Kh8 27. Qh5 Nxf5 28. Rxf5 g6 29. Bxg6 Rf8 30. Bxh7 1-0

[Event "Antofagasta Final Mayor"]
[Site "Antofagasta"]
[Date "2013.12.17"]
[Round "5"]
[White "Garmendia Vega, Gabriel"]
[Black "Andueza Quezada, Danilo"]
[Result "0-1"]
[WhiteElo "1933"]
[BlackElo "2160"]
[PlyCount "84"]
[EventDate "2013.12.12"]
[EventType "tourn"]
[EventRounds "7"]
[EventCountry "CHI"]
[SourceTitle "EXT 2024"]
[Source "ChessBase"]
[SourceDate "2023.10.10"]
[SourceVersion "1"]
[SourceVersionDate "2023.10.10"]
[SourceQuality "1"]

1. f4 d5 2. Nf3 Bg4 3. e3 Nd7 4. Be2 Ngf6 5. b3 g6 6. Bb2 Bg7 7. 0-0 0-0 8. h3 Bxf3 9. Bxf3 c6 10. g4 Nc5 11. g5 Ne8 12. Bxg7 Nxg7 13. d4 Nce6 14. Bg4 Qd6 15. h4 c5 16. c3 f6 17. Kg2 b5 18. b4 cxb4 19. Qb3 a5 20. Nd2 bxc3 21. Qxc3 b4 22. Qd3 a4 23. Rh1 Qa6 24. Qxa6 Rxa6 25. Rhc1 Rb8 26. Bf3 Nf5 27. Kf2 Rd6 28. gxf6 exf6 29. h5 Ne7 30. hxg6 hxg6 31. Rg1 Kf7 32. Be2 Rc6 33. Bd3 Rc3 34. Ke2 Ng7 35. Rg2 Ngf5 36. Rh1 Ra3 37. Rh7+ Ke6 38. e4 Nxd4+ 39. Ke3 dxe4 40. Kxe4 Rd8 41. Bc4+ Kd6 42. Kxd4 Nf5+ 0-1

[Event "Antofagasta Final Mayor"]
[Site "Antofagasta"]
[Date "2013.12.12"]
[Round "1"]
[White "Andueza Quezada, Danilo"]
[Black "Diaz Herrera, German"]
[Result "1-0"]
[WhiteElo "2160"]
[BlackElo "1792"]
[PlyCount "58"]
[EventDate "2013.12.12"]
[EventType "tourn"]
[EventRounds "7"]
[EventCountry "CHI"]
[SourceTitle "EXT 2024"]
[Source "ChessBase"]
[SourceDate "2023.10.10"]
[SourceVersion "1"]
[SourceVersionDate "2023.10.10"]
[SourceQuality "1"]

1. d4 Nf6 2. c4 g6 3. Nc3 Bg7 4. e4 d6 5. Bd3 0-0 6. Nge2 e5 7. d5 Nbd7 8. h3 Nc5 9. Bc2 a5 10. Be3 Nfd7 11. g4 Nb6 12. b3 Bd7 13. Ng3 f5 14. gxf5 gxf5 15. exf5 Qh4 16. Qg4 Qxg4 17. hxg4 e4 18. Kd2 Rae8 19. Rh5 Rf7 20. Rah1 Bxc3+ 21. Kxc3 c6 22. dxc6 Bxc6 23. Rh6 Nc8 24. Nh5 Nd7 25. a3 d5 26. cxd5 Bxd5 27. Rd1 Bc6 28. b4 axb4+ 29. axb4 Ne7 1-0

[Event "Antofagasta"]
[Site "Antofagasta"]
[Date "2012.06.30"]
[Round "3"]
[White "Andueza Quezada, Danilo"]
[Black "Gallardo Soto, Eduardo"]
[Result "1-0"]
[WhiteElo "2157"]
[BlackElo "2107"]
[PlyCount "72"]
[EventDate "2012.06.29"]
[EventType "tourn"]
[EventRounds "6"]
[EventCountry "CHI"]
[SourceTitle "EXT 2024"]
[Source "ChessBase"]
[SourceDate "2023.10.10"]
[SourceVersion "1"]
[SourceVersionDate "2023.10.10"]
[SourceQuality "1"]

1. d4 d5 2. Nf3 Nf6 3. e3 g6 4. c4 Bg7 5. Nc3 0-0 6. Be2 c6 7. 0-0 Nbd7 8. b3 Re8 9. Bb2 b6 10. Rc1 Bb7 11. Qc2 Qb8 12. Rfd1 e6 13. h3 a6 14. b4 Rc8 15. c5 b5 16. Ne5 Nxe5 17. dxe5 Nd7 18. f4 f6 19. Bg4 Re8 20. exf6 Nxf6 21. Ne2 Nxg4 22. hxg4 Qc7 23. Bxg7 Qxg7 24. e4 a5 25. a4 bxa4 26. bxa5 Rxa5 27. e5 Qf8 28. Qc3 Rea8 29. Nd4 Qxf4 30. Nxe6 Qxg4 31. Nc7 R8a7 32. Ne8 Qe6 33. Nd6 Bc8 34. Rf1 R5a6 35. Rf6 Qg4 36. e6 Bxe6 1-0

[Event "CHI-chT"]
[Site "Chile"]
[Date "2010.11.23"]
[Round "6"]
[White "Lobos Barrenechea, Miguel"]
[Black "Andueza Quezada, Danilo"]
[Result "1-0"]
[WhiteElo "2323"]
[BlackElo "2185"]
[PlyCount "177"]
[EventDate "2010.10.19"]
[EventType "team"]
[EventRounds "9"]
[EventCountry "CHI"]
[SourceTitle "EXT 2012"]
[Source "ChessBase"]
[SourceDate "2011.11.24"]
[SourceVersion "1"]
[SourceVersionDate "2011.11.24"]
[SourceQuality "1"]

1. c4 e6 2. Nc3 d5 3. d4 Nf6 4. Bg5 Be7 5. e3 0-0 6. Qc2 h6 7. Bf4 c5 8. Nf3 Nc6 9. cxd5 Nb4 10. Qb3 cxd4 11. exd4 Nbxd5 12. Nxd5 Nxd5 13. Bd2 a5 14. Bc4 a4 15. Qd1 b5 16. Bd3 b4 17. Qe2 Rb8 18. 0-0 Bb7 19. Rac1 Qb6 20. Rfd1 Rbc8 21. Ne5 Rxc1 22. Bxc1 Nf6 23. Be3 Bd5 24. Bb1 Qb7 25. f3 Rc8 26. Qd2 Bf8 27. Qd3 a3 28. Ng4 Be7 29. bxa3 bxa3 30. Bc1 Kf8 31. Nxf6 Bxf6 32. Bxa3+ Be7 33. Bxe7+ Kxe7 34. Qa3+ Kf6 35. Qe3 Qc7 36. a3 g5 37. Be4 Qa5 38. Rc1 Rxc1+ 39. Qxc1 Qa4 40. Qc3 Qd1+ 41. Kf2 Kg7 42. Qe3 Bc4 43. Qc3 Bd5 44. Kg3 Qe2 45. Bxd5 exd5 46. a4 h5 47. h4 gxh4+ 48. Kxh4 Qxg2 49. Kxh5 Qh3+ 50. Kg5 Qg3+ 51. Kf5 Qg6+ 52. Ke5 Qe6+ 53. Kf4 Qh6+ 54. Kg3 Qg5+ 55. Kf2 Qh4+ 56. Ke3 Qg5+ 57. Kd3 Qg6+ 58. Kd2 Qg2+ 59. Kc1 Qf1+ 60. Kb2 Qe2+ 61. Ka3 Qa6 62. Qb3 Qd6+ 63. Kb2 Qh2+ 64. Kc3 Qc7+ 65. Kd3 Qc6 66. Qb5 Qg6+ 67. Kc3 Qf5 68. Qe2 Qc8+ 69. Kd2 Qb7 70. Qe5+ Kh7 71. Qf6 Qb2+ 72. Ke3 Qc1+ 73. Kf2 Qc2+ 74. Kg3 Qc7+ 75. Kg4 Qb7 76. a5 Kg8 77. a6 Qc8+ 78. Kh4 Qc7 79. Qg5+ Kh7 80. Qh5+ Kg8 81. f4 Qb6 82. Qg4+ Kh7 83. Qd7 Qh6+ 84. Kg3 Qg6+ 85. Kh2 Qc2+ 86. Kh3 Qd3+ 87. Kh4 Qxd4 88. Qxf7+ Kh6 89. Qh5+ 1-0

[Event "Santiago Endesa Interempresas tt-A"]
[Site "Santiago de Chile"]
[Date "2010.09.14"]
[Round "10"]
[White "Andueza Quezada, Danilo"]
[Black "Valenzuela Fuentealba, Luis"]
[Result "0-1"]
[WhiteElo "2191"]
[BlackElo "2498"]
[PlyCount "102"]
[EventDate "2010.07.13"]
[EventType "team"]
[EventRounds "13"]
[EventCountry "CHI"]
[SourceTitle "EXT 2012"]
[Source "ChessBase"]
[SourceDate "2011.11.24"]
[SourceVersion "1"]
[SourceVersionDate "2011.11.24"]
[SourceQuality "1"]

1. d4 d5 2. c4 c6 3. e3 Nf6 4. Nc3 Qb6 5. Nf3 Bf5 6. Be2 e6 7. 0-0 Nbd7 8. Nh4 Bg6 9. c5 Qc7 10. f4 b6 11. b4 Be4 12. Bd2 Be7 13. Be1 h6 14. Bg3 bxc5 15. bxc5 0-0 16. Qa4 Bf5 17. Nxf5 exf5 18. Rfb1 Rfe8 19. Qc2 g6 20. Be1 Bf8 21. Nd1 Bg7 22. Rb3 Nf8 23. Rab1 Re7 24. h3 Ne6 25. Qb2 Nxf4 26. exf4 Rae8 27. Nc3 Ne4 28. Nxd5 cxd5 29. Rb7 Qxb7 30. Qxb7 Bxd4+ 31. Kf1 Rxb7 32. Rxb7 Bxc5 33. g4 fxg4 34. hxg4 Rd8 35. Kg2 Nd6 36. Rb2 Bb6 37. Bf3 Nc4 38. Rb1 d4 39. Bh4 Rd6 40. Rc1 Ne3+ 41. Kh3 d3 42. Rc8+ Kg7 43. Be7 Rd7 44. Bf8+ Kh7 45. Bb4 Nd5 46. Bxd5 Rxd5 47. Bc3 Bd4 48. Be1 g5 49. f5 Re5 50. Bb4 Re3+ 51. Kg2 d2 0-1

[Event "Santiago Endesa 02"]
[Site "Santiago de Chile"]
[Date "2009.03.30"]
[Round "7"]
[White "Marin Munoz, Roque"]
[Black "Andueza Quezada, Danilo"]
[Result "1/2-1/2"]
[WhiteElo "2096"]
[BlackElo "2202"]
[PlyCount "75"]
[EventDate "2009.03.16"]
[EventType "tourn"]
[EventRounds "11"]
[EventCountry "CHI"]
[SourceTitle "EXT 2012"]
[Source "ChessBase"]
[SourceDate "2011.11.24"]
[SourceVersion "1"]
[SourceVersionDate "2011.11.24"]
[SourceQuality "1"]

1. d4 e6 2. Nf3 Be7 3. b3 d5 4. Bb2 Nf6 5. Nbd2 0-0 6. e3 Nbd7 7. Bd3 c6 8. 0-0 Re8 9. Ne5 Nf8 10. f4 N6d7 11. Qh5 g6 12. Qh6 Bf6 13. Ndf3 Bg7 14. Qh3 f6 15. Nxd7 Bxd7 16. Qg3 a5 17. a3 Qc7 18. h4 Re7 19. Rac1 Be8 20. Qf2 Bf7 21. g4 Nd7 22. g5 f5 23. c4 Ree8 24. Rfd1 Rec8 25. Rc2 Qb6 26. Rdc1 Qxb3 27. Rc3 Qb6 28. c5 Qa7 29. Qc2 Be8 30. a4 Rcb8 31. Ba3 Nf8 32. Rb3 Bd7 33. Rcb1 Bc8 34. Qb2 Nd7 35. Ne5 Bxe5 36. fxe5 Kg7 37. Kg2 Nf8 38. Rb6 1/2-1/2

[Event "Santiago Endesa 02"]
[Site "Santiago de Chile"]
[Date "2009.03.27"]
[Round "6"]
[White "Andueza Quezada, Danilo"]
[Black "Cuevas Araya, Walter"]
[Result "0-1"]
[WhiteElo "2202"]
[BlackElo "2182"]
[PlyCount "72"]
[EventDate "2009.03.16"]
[EventType "tourn"]
[EventRounds "11"]
[EventCountry "CHI"]
[SourceTitle "EXT 2012"]
[Source "ChessBase"]
[SourceDate "2011.11.24"]
[SourceVersion "1"]
[SourceVersionDate "2011.11.24"]
[SourceQuality "1"]

1. d4 Nf6 2. c4 g6 3. Nc3 d5 4. Bf4 Bg7 5. e3 0-0 6. Nf3 c5 7. dxc5 Qa5 8. cxd5 Ne4 9. Rc1 Nxc3 10. Qd2 Qxa2 11. bxc3 Qa5 12. Bc4 Qxc5 13. Ba2 Bd7 14. 0-0 b5 15. e4 a5 16. e5 Ra6 17. Rfe1 Rc8 18. Ng5 a4 19. e6 fxe6 20. d6 Kh8 21. Nxe6 Bxe6 22. Bxe6 Rd8 23. Bd5 e5 24. Rxe5 Raxd6 25. Rd1 Nc6 26. Rg5 R6d7 27. h4 Ne7 28. c4 bxc4 29. Be3 Qxd5 30. Rxd5 Rxd5 31. Qb4 Rxd1+ 32. Kh2 Nd5 33. Qxc4 Nxe3 34. fxe3 a3 35. h5 gxh5 36. Qa2 Be5+ 0-1

[Event "Santiago Endesa 02"]
[Site "Santiago de Chile"]
[Date "2009.03.16"]
[Round "1"]
[White "Stawizsinski, Walter"]
[Black "Andueza Quezada, Danilo"]
[Result "1/2-1/2"]
[WhiteElo "2088"]
[BlackElo "2202"]
[PlyCount "129"]
[EventDate "2009.03.16"]
[EventType "tourn"]
[EventRounds "11"]
[EventCountry "CHI"]
[SourceTitle "EXT 2012"]
[Source "ChessBase"]
[SourceDate "2011.11.24"]
[SourceVersion "1"]
[SourceVersionDate "2011.11.24"]
[SourceQuality "1"]

1. e4 e6 2. Nf3 d5 3. e5 c5 4. Be2 Nc6 5. c3 Qb6 6. 0-0 Nh6 7. Re1 Be7 8. d3 Nf5 9. a3 a5 10. Nbd2 Bd7 11. a4 h5 12. Qb3 Qc7 13. Bf1 g5 14. Nb1 Rg8 15. Na3 g4 16. Nb5 Qb8 17. Nd2 Nxe5 18. c4 dxc4 19. Nxc4 Nxc4 20. Qxc4 Nd6 21. Qb3 Nxb5 22. axb5 b6 23. Ra4 Rg6 24. g3 Kf8 25. d4 Qe8 26. d5 Bf6 27. dxe6 Bxe6 28. Bc4 Bd4 29. Bf4 Kg7 30. Be5+ Bxe5 31. Rxe5 Rd8 32. Qc3 Rd4 33. b3 Qd8 34. Ra1 h4 35. Rae1 hxg3 36. fxg3 Qd6 37. Rh5 Bxc4 38. bxc4 Qf6 39. Rhe5 Rg5 40. Re8 Rf5 41. R8e3 Rf2 42. Re5 Qf3 43. Qxf3 Rxf3 44. R1e4 Rxe4 45. Rxe4 a4 46. Rxg4+ Kf6 47. Rg8 Rc3 48. Rb8 Rxc4 49. Rxb6+ Ke5 50. Ra6 Rb4 51. b6 Kd4 52. b7 Rxb7 53. Rxa4+ c4 54. h4 f5 55. Kg2 Kd3 56. Ra5 Rf7 57. Kf3 c3 58. Rd5+ Kc4 59. Rd8 Rc7 60. Rd1 c2 61. Rc1 Kd3 62. Kf4 Rc5 63. h5 Kd2 64. Rxc2+ Kxc2 65. h6 1/2-1/2

[Event "Santiago Endesa Interempresas tt-A"]
[Site "Santiago de Chile"]
[Date "2008.09.16"]
[Round "9"]
[White "Marin Munoz, Roque"]
[Black "Andueza Quezada, Danilo"]
[Result "1/2-1/2"]
[WhiteElo "2098"]
[BlackElo "2176"]
[PlyCount "44"]
[EventDate "2008.07.22"]
[EventType "team"]
[EventRounds "11"]
[EventCountry "CHI"]
[SourceTitle "EXT 2012"]
[Source "ChessBase"]
[SourceDate "2011.11.24"]
[SourceVersion "1"]
[SourceVersionDate "2011.11.24"]
[SourceQuality "1"]

1. e4 e6 2. d3 d5 3. Nd2 Nf6 4. Ngf3 Nc6 5. g3 a5 6. Bg2 dxe4 7. dxe4 e5 8. 0-0 Bc5 9. h3 0-0 10. Re1 Qe7 11. c3 b6 12. Nh4 Rd8 13. Qf3 Ba6 14. Bf1 Bxf1 15. Nxf1 Qe6 16. Bg5 Be7 17. Nf5 Ne8 18. Qg4 Bxg5 19. Qxg5 Qg6 20. Qxg6 hxg6 21. N5e3 Nf6 22. f3 Rd7 1/2-1/2

[Event "Santiago Endesa Interempresas op"]
[Site "Santiago de Chile"]
[Date "2008.06.24"]
[Round "7"]
[White "Andueza Quezada, Danilo"]
[Black "Cuevas Araya, Walter"]
[Result "1/2-1/2"]
[WhiteElo "2176"]
[BlackElo "2182"]
[PlyCount "129"]
[EventDate "2008.05.13"]
[EventType "swiss"]
[EventRounds "9"]
[EventCountry "CHI"]
[SourceTitle "EXT 2012"]
[Source "ChessBase"]
[SourceDate "2011.11.24"]
[SourceVersion "1"]
[SourceVersionDate "2011.11.24"]
[SourceQuality "1"]

1. d4 Nf6 2. c4 g6 3. Nc3 d5 4. cxd5 Nxd5 5. e4 Nxc3 6. bxc3 Bg7 7. Bc4 c5 8. Ne2 0-0 9. Be3 Nc6 10. Rc1 Bg4 11. f3 cxd4 12. cxd4 Bd7 13. h4 h5 14. Nf4 Na5 15. Bd3 e5 16. dxe5 Bxe5 17. Kf2 Nc6 18. Bc4 Kh7 19. g4 hxg4 20. fxg4 Bxf4 21. Bxf4 Qf6 22. Kg3 Be6 23. g5 Qd4 24. Bxe6 fxe6 25. Rxc6 Qxe4 26. Rc7+ Kg8 27. Rf1 Rad8 28. Rd7 Rxd7 29. Qxd7 e5 30. Qe6+ Rf7 31. Qe8+ Rf8 32. Qe6+ Rf7 33. Kh2 Qc2+ 34. Kh3 Qd3+ 35. Kg2 exf4 36. Qe8+ Kg7 37. Qe5+ Kh7 38. Rxf4 Qd2+ 39. Kg3 Qxa2 40. Rf6 Qa3+ 41. Kg2 Re7 42. Qd5 Qb2+ 43. Kg1 Re1+ 44. Rf1 Rxf1+ 45. Kxf1 Qc1+ 46. Ke2 Qc7 47. Qe4 Qd7 48. h5 Qb5+ 49. Kd1 Qf1+ 50. Kd2 Qf2+ 51. Kd1 Qg1+ 52. Kd2 Qh2+ 53. Ke1 Qg3+ 54. Ke2 Qxg5 55. hxg6+ Kh6 56. Qxb7 Qe5+ 57. Kd3 Qg3+ 58. Kd2 Qf2+ 59. Kc3 Qc5+ 60. Kb3 Kxg6 61. Qg2+ Kf6 62. Qf1+ Ke7 63. Qe2+ Kd7 64. Qd3+ Ke6 65. Qc4+ 1/2-1/2

[Event "CHI-chT"]
[Site "Santiago de Chile"]
[Date "2007.11.13"]
[Round "5"]
[White "Torres Bravo, Cristobal Renato"]
[Black "Andueza Quezada, Danilo"]
[Result "1-0"]
[WhiteElo "2178"]
[BlackElo "2176"]
[PlyCount "105"]
[EventDate "2007.10.16"]
[EventType "team-tourn"]
[EventRounds "9"]
[EventCountry "CHI"]
[SourceTitle "EXT 2012"]
[Source "ChessBase"]
[SourceDate "2011.11.24"]
[SourceVersion "1"]
[SourceVersionDate "2011.11.24"]
[SourceQuality "1"]

1. Nf3 d5 2. d4 Nf6 3. c4 c6 4. Nc3 e6 5. g3 Nbd7 6. Bg2 dxc4 7. a4 Bb4 8. 0-0 0-0 9. Nd2 e5 10. Nxc4 exd4 11. Qxd4 Qe7 12. Na2 Bc5 13. Qd3 Ne5 14. Nxe5 Qxe5 15. Nc3 Bf5 16. Qc4 Be6 17. Qf4 Qh5 18. Qg5 a5 19. Qxh5 Nxh5 20. Bf3 Nf6 21. Bg5 Rfd8 22. Rfd1 Rxd1+ 23. Rxd1 h6 24. Bxf6 gxf6 25. Ne4 Be7 26. e3 Rd8 27. Rxd8+ Bxd8 28. Nd6 b5 29. Bxc6 bxa4 30. Bxa4 Bc7 31. Nb5 Be5 32. Nd4 f5 33. f4 Bg7 34. Kf2 Kf8 35. Ke2 Ke7 36. Kd2 Kd6 37. Bc2 Kc5 38. Bxf5 Bd5 39. Kc3 Bg2 40. Bc2 Bc6 41. Bb3 Be8 42. Kd3 a4 43. Ba2 Bf6 44. h4 h5 45. Bc4 Bh8 46. Kc3 Bg7 47. Be2 f5 48. Bd3 Bg6 49. Be2 Kd5 50. Kd3 Be8 51. Kc3 Bg6 52. Bxh5 Ke4 53. Kd2 1-0

[Event "CHI-chT"]
[Site "Santiago de Chile"]
[Date "2007.10.30"]
[Round "3"]
[White "Andueza Quezada, Danilo"]
[Black "Montero Martinez, Cristian"]
[Result "1-0"]
[WhiteElo "2176"]
[BlackElo "2213"]
[PlyCount "63"]
[EventDate "2007.10.16"]
[EventType "team-tourn"]
[EventRounds "9"]
[EventCountry "CHI"]
[SourceTitle "EXT 2012"]
[Source "ChessBase"]
[SourceDate "2011.11.24"]
[SourceVersion "1"]
[SourceVersionDate "2011.11.24"]
[SourceQuality "1"]

1. d4 g6 2. Nf3 Bg7 3. c4 d6 4. Nc3 e5 5. dxe5 dxe5 6. Bg5 Qxd1+ 7. Rxd1 f6 8. Bh4 Be6 9. e3 c6 10. Ne4 g5 11. Bg3 b6 12. Be2 Nd7 13. 0-0 Ke7 14. Rd2 Nh6 15. Rfd1 Nf7 16. Nd6 Rhd8 17. Ne1 Nc5 18. Nxf7 Rxd2 19. Rxd2 Bxf7 20. f3 a5 21. b3 f5 22. Nd3 Rd8 23. Rd1 Nd7 24. e4 f4 25. Bf2 c5 26. Nb2 Nf8 27. Na4 Rb8 28. Nxb6 Ne6 29. Na4 Rc8 30. Rd5 Nd4 31. Bxd4 exd4 32. Rxg5 1-0

[Event "Santiago Endesa Clasification"]
[Site "Santiago de Chile"]
[Date "2007.08.31"]
[Round "8"]
[White "Andueza Quezada, Danilo"]
[Black "Carmona Rosales, Jose Luis"]
[Result "1/2-1/2"]
[WhiteElo "2176"]
[BlackElo "2192"]
[PlyCount "106"]
[EventDate "2007.08.13"]
[EventType "swiss"]
[EventRounds "9"]
[EventCountry "CHI"]
[SourceTitle "EXT 2008"]
[Source "ChessBase"]
[SourceDate "2007.11.25"]
[SourceVersion "1"]
[SourceVersionDate "2007.11.25"]
[SourceQuality "1"]

1. d4 Nf6 2. Nf3 c6 3. c4 d6 4. Nc3 Nbd7 5. e4 e5 6. Be2 a6 7. d5 Nc5 8. Nd2 a5 9. b3 Be7 10. 0-0 0-0 11. a3 cxd5 12. cxd5 Nfd7 13. Rb1 Bg5 14. b4 Bxd2 15. Bxd2 axb4 16. axb4 Na6 17. Be3 Nc7 18. Qb3 Ne8 19. Rfc1 g6 20. Bh6 Ng7 21. Nb5 Nb6 22. Nc7 Rb8 23. Be3 Na8 24. Ba7 Nxc7 25. Bxb8 Nce8 26. Ba7 f5 27. f3 Nh5 28. Be3 Nef6 29. Qc2 Nf4 30. Bf1 fxe4 31. Qc7 Qxc7 32. Rxc7 N6xd5 33. Bxf4 Nxc7 34. Bh6 Re8 35. fxe4 Be6 36. b5 Ra8 37. Rc1 Ne8 38. b6 Rc8 39. Rxc8 Bxc8 40. Bc4+ Kh8 41. Bf8 h5 42. Bf7 Nf6 43. Bxg6 d5 44. exd5 Nxd5 45. Bc5 Nf4 46. Be4 Kg7 47. Kf2 Kf6 48. g3 Nh3+ 49. Ke3 Ng5 50. Bg2 Ne6 51. Ba3 Nd4 52. Bb2 Nc6 53. Ke4 Be6 1/2-1/2

[Event "Santiago CALF op"]
[Site "Santiago de Chile"]
[Date "2004.05.29"]
[Round "6"]
[White "Andueza Quezada, Danilo"]
[Black "Cona, Victor"]
[Result "1-0"]
[WhiteElo "2087"]
[BlackElo "2041"]
[PlyCount "91"]
[EventDate "2004.06.21"]
[EventType "swiss"]
[EventRounds "9"]
[EventCountry "CHI"]
[SourceTitle "EXT 2005"]
[Source "ChessBase"]
[SourceDate "2004.11.15"]
[SourceVersion "1"]
[SourceVersionDate "2004.11.15"]
[SourceQuality "1"]

1. d4 Nf6 2. c4 g6 3. Nc3 Bg7 4. e4 d6 5. f3 Nfd7 6. Be3 e5 7. Nge2 Bh6 8. Bxh6 Qh4+ 9. g3 Qxh6 10. Qd2 Qxd2+ 11. Kxd2 h5 12. Nd5 Na6 13. Bh3 c6 14. Ne3 exd4 15. Bxd7+ Bxd7 16. Nxd4 Nc5 17. Rad1 0-0-0 18. Kc3 Kc7 19. Rhe1 a5 20. b3 Ne6 21. Re2 h4 22. Nxe6+ fxe6 23. e5 d5 24. Ng4 hxg3 25. hxg3 Rh3 26. Rg2 Rdh8 27. Re1 g5 28. cxd5 cxd5 29. Kd4 Kb6 30. Rc1 Bc6 31. Rgg1 Rf8 32. Nf6 Rh2 33. a3 Rfh8 34. Ng4 Rd2+ 35. Ke3 Ra2 36. a4 Rd8 37. Rgd1 Rb2 38. Rc3 Rg2 39. Rd4 Rxg3 40. Kf2 Rh3 41. Kg2 Rh4 42. Rc1 Rf8 43. Kg3 Rf5 44. f4 Rh8 45. fxg5 Rxg5 46. Rc2 1-0